[Event "38th Nezhmetdinov Mem"]
[Site "Kazan RUS"]
[Date "2016.06.04"]
[Round "5.59"]
[White "Dolgaeva, Evgenia"]
[Black "Murzaev, Danil"]
[Result "1-0"]
[WhiteElo "1879"]
[BlackElo "1578"]
[WhiteFideId "24174564"]
[BlackFideId "34142727"]
[EventDate "2016.05.31"]

1. e4 e6 2. d3 d5 3. Nd2 c5 4. g3 Nc6 5. Bg2 Nf6 6. Ngf3 Be7 7. O-O O-O 8. Re1
Re8 9. e5 Nd7 10. Nf1 b5 11. h4 Bb7 12. Bf4 a5 13. N1h2 c4 14. Bh3 Qb6 15. d4
Qd8 16. c3 b4 17. Ng5 Bxg5 18. Bxg5 Ne7 19. h5 h6 20. Bf4 Bc6 21. Qd2 bxc3 22.
bxc3 Kh7 23. Re3 Rb8 24. Rf3 Ng8 25. Re1 Qe7 26. Qc2+ Kh8 27. g4 Rb7 28. Rg3
Reb8 29. Bc1 a4 30. g5 a3 31. gxh6 Nxh6 32. Bxh6 gxh6 33. Qc1 Kh7 34. Ng4 Qf8
35. Nf6+ Nxf6 36. exf6 Rb2 37. Rg7+ Qxg7+ 38. fxg7 Rxa2 39. Bxe6 Kxg7 40. Qf4
Rf8 41. Qe5+ f6 42. Qg3+ Kh7 43. Qg6+ Kh8 44. Qxh6# 1-0

[Event "38th Nezhmetdinov Mem"]
[Site "Kazan RUS"]
[Date "2016.06.04"]
[Round "5.60"]
[White "Chumak, Dmitrii"]
[Black "Shipitsyna, Guzyal"]
[Result "0-1"]
[WhiteElo "1826"]
[BlackElo "1478"]
[WhiteFideId "34106658"]
[BlackFideId "24141348"]
[EventDate "2016.05.31"]

1. e4 c5 2. Nf3 e6 3. d4 cxd4 4. Nxd4 a6 5. Nc3 Nc6 6. Be3 Nf6 7. Be2 d5 8. exd5
exd5 9. O-O Bd6 10. Bf3 O-O 11. Bg5 Nxd4 12. Qxd4 Be6 13. Bxf6 Qxf6 14. Qxf6
gxf6 15. Nxd5 Kg7 16. Rad1 Be5 17. b3 Rac8 18. c4 Rc5 19. Nb6 Rc7 20. g3 Bb2 21.
Nd5 Rc5 22. Rd2 Be5 23. Bg2 f5 24. f4 Bb8 25. Rfd1 b5 26. cxb5 axb5 27. b4 Rc4
28. Kh1 h5 29. a3 h4 30. Rd3 Rh8 31. h3 Rc2 32. Ne3 Rf2 33. Kg1 hxg3 34. Nxf5+
Kf6 35. Nxg3 Rxf4 36. Rf1 Rxf1+ 37. Nxf1 Ba7+ 38. Kh1 Rc8 39. Rf3+ Ke7 40. Rd3
Rc1 41. Kh2 Bc4 42. Rf3 Be2 43. Rf5 Ke6 44. Ng3 Bg1+ 45. Kh1 Bf2+ 0-1

[Event "38th Nezhmetdinov Mem"]
[Site "Kazan RUS"]
[Date "2016.06.04"]
[Round "5.61"]
[White "Kamalutdinov, Rahim"]
[Black "Shkalikova, Marina"]
[Result "0-1"]
[WhiteElo "1368"]
[BlackElo "1823"]
[WhiteFideId "24180769"]
[BlackFideId "34111333"]
[EventDate "2016.05.31"]

1. d4 Nf6 2. Nf3 c5 3. dxc5 Na6 4. Qd4 Qa5+ 5. c3 Qxc5 6. e3 Qc7 7. Bxa6 bxa6 8.
O-O e6 9. b4 d5 10. Ne5 Bd6 11. f4 Bxe5 12. Qxe5 Qxe5 13. fxe5 Nd7 14. Bb2 Nxe5
15. Nd2 O-O 16. a4 Bb7 17. h3 Rfc8 18. Ra3 Rc7 19. a5 Rac8 20. Nb1 Nc4 21. Ra2
Nxe3 22. Rc1 Nc4 23. Ba1 Nd6 24. Na3 f6 25. Rac2 e5 26. g4 Kf7 27. Kh2 Ke6 28.
h4 g6 29. Kh3 f5 30. g5 Nc4 31. Nxc4 Rxc4 32. Rd2 Rg4 33. Rg2 Re4 34. Rg3 Rcc4
35. Rcg1 Rxh4+ 36. Kg2 Rhg4 37. Kh3 Rxg3+ 38. Rxg3 f4 39. Rd3 Kf5 40. Kh4 e4 41.
Rd4 Rxd4 42. cxd4 e3 43. Bc3 Ke4 44. Kh3 f3 0-1

[Event "38th Nezhmetdinov Mem"]
[Site "Kazan RUS"]
[Date "2016.06.04"]
[Round "5.63"]
[White "Gismatullin, Sayar"]
[Black "Shevtsov, Mikhail"]
[Result "1-0"]
[WhiteElo "1875"]
[BlackElo "1728"]
[WhiteFideId "34110930"]
[BlackFideId "54106931"]
[EventDate "2016.05.31"]

1. e4 c6 2. d4 d5 3. e5 Bf5 4. Nd2 e6 5. Nb3 Nd7 6. Be3 a6 7. Nf3 Be7 8. Bd3
Bxd3 9. Qxd3 Nh6 10. O-O Nf5 11. c3 Qc7 12. Bd2 c5 13. Qe2 c4 14. Nc1 O-O 15. g4
Nh6 16. Ne1 Kh8 17. f4 f5 18. exf6 Rxf6 19. Ng2 g5 20. fxg5 Rxf1+ 21. Qxf1 Nxg4
22. Bf4 Bd6 23. Bxd6 Qxd6 24. Qf4 Qxf4 25. Nxf4 Ne3 26. Nce2 e5 27. dxe5 Nxe5
28. Nd4 Nd3 29. Nfe6 b5 30. h4 Ra7 31. Nd8 Rd7 32. N4e6 Re7 33. a4 b4 34. cxb4
d4 35. Nxd4 Rd7 36. N8e6 Rf7 37. Ne2 Rf2 38. N6f4 Rxf4 39. Nxf4 Nxf4 40. b5 Ned5
41. bxa6 Nd3 42. a7 Nc7 43. Rf1 Kg7 44. Rf5 Na8 45. Rb5 Kg6 46. Rb8 Kh5 47. Rxa8
Nxb2 48. Rc8 1-0

[Event "38th Nezhmetdinov Mem"]
[Site "Kazan RUS"]
[Date "2016.06.04"]
[Round "5.64"]
[White "Safin, Robert"]
[Black "Danilova, Rada"]
[Result "1/2-1/2"]
[WhiteElo "1581"]
[BlackElo "1808"]
[WhiteFideId "34189120"]
[BlackFideId "34156760"]
[EventDate "2016.05.31"]

1. d4 Nf6 2. c4 g6 3. g3 Bg7 4. Bg2 O-O 5. Nf3 d6 6. O-O Nc6 7. Nc3 a6 8. e4 Rb8
9. a4 Bg4 10. h3 Bxf3 11. Bxf3 e5 12. d5 Nd4 13. Bg2 c5 14. Ne2 b5 15. b3 Nd7
16. Nxd4 cxd4 17. cxb5 axb5 18. a5 b4 19. Bd2 Nc5 20. Qc2 Qd7 21. a6 Qb5 22.
Rfb1 Ra8 23. a7 Qb6 24. Qa2 Bf6 25. Qa5 Qb7 26. Bxb4 Bd8 27. Qa3 Bb6 28. Bxc5
Bxc5 29. Qa6 Rxa7 30. Qxb7 Rxb7 31. Bf1 Rfb8 32. Bc4 Rb4 33. Rd1 f5 34. f3 fxe4
35. fxe4 Rf8 36. Kg2 Rb7 37. Rf1 Re8 38. Rf3 Kg7 39. Ra4 Ree7 40. Rf1 Ra7 41.
Rfa1 Rab7 42. Rf1 h6 1/2-1/2

[Event "38th Nezhmetdinov Mem"]
[Site "Kazan RUS"]
[Date "2016.06.04"]
[Round "5.65"]
[White "Bogatov, Bogdan"]
[Black "Grekhov, Luka"]
[Result "1/2-1/2"]
[WhiteElo "1680"]
[BlackElo "1639"]
[WhiteFideId "34110612"]
[BlackFideId "44129637"]
[EventDate "2016.05.31"]

1. e4 c5 2. Nf3 e6 3. d4 cxd4 4. Nxd4 Nf6 5. Nc3 Bb4 6. f3 d5 7. e5 Nfd7 8. f4
Qh4+ 9. g3 Qe7 10. Nb5 Nb6 11. Bd2 a6 12. Nd4 Nc6 13. Nb3 Bd7 14. a3 Bxc3 15.
Bxc3 Na4 16. Bd4 Nxd4 17. Qxd4 Rc8 18. c4 dxc4 19. Bxc4 b5 20. Bd3 Bc6 21. O-O
Rd8 22. Qe3 Nxb2 23. Be4 Bxe4 24. Qxe4 Qa7+ 25. Kg2 Qa8 26. Qxa8 Rxa8 27. Na5
Rc8 28. Rf2 Nc4 29. Nxc4 Rxc4 30. Rd2 Ke7 31. Rad1 Rhc8 32. Rd7+ Ke8 33. Ra7
R8c7 34. Rxa6 b4 35. Ra8+ Ke7 36. axb4 Rxb4 37. Rg8 g6 38. Rdd8 f5 39. exf6+
Kxf6 40. Rdf8+ Ke7 41. Rg7+ Kxf8 42. Rxc7 Kg8 43. h3 h5 1/2-1/2

[Event "38th Nezhmetdinov Mem"]
[Site "Kazan RUS"]
[Date "2016.06.04"]
[Round "5.9"]
[White "Ponkratov, Pavel"]
[Black "Vignesh, N R"]
[Result "1/2-1/2"]
[WhiteTitle "GM"]
[BlackTitle "IM"]
[WhiteElo "2595"]
[BlackElo "2432"]
[WhiteFideId "4157800"]
[BlackFideId "25012215"]
[EventDate "2016.05.31"]

1. d4 Nf6 2. Bg5 d5 3. Bxf6 exf6 4. e3 Bd6 5. Bd3 f5 6. Nd2 g6 7. Qf3 Be6 8. h3
h5 9. Ne2 Nd7 10. Nf4 Nf6 11. O-O-O Qd7 12. Kb1 O-O-O 13. h4 Ne4 14. Qe2 Bxf4
15. exf4 Qd6 16. g3 Nxd2+ 17. Qxd2 f6 18. Be2 Rhe8 19. Qa5 Kb8 20. Rd3 b6 21.
Qa3 Bf7 22. Bf3 Qxa3 23. Rxa3 Re7 24. Kc1 c6 25. Kd1 a5 26. Rd3 Kc7 27. Rd2 Kd6
28. Re2 Rxe2 29. Bxe2 Re8 30. Kd2 Re7 31. Bd3 Be6 32. Rb1 Bd7 33. b3 Be6 34. a3
Ra7 35. c3 b5 36. Bc2 Ra8 37. Ra1 Rb8 38. f3 Bf7 39. Rg1 Rh8 40. Bd3 Ra8 41. Bc2
Rh8 42. Ke3 Re8+ 43. Kf2 Rc8 44. b4 a4 45. g4 Rg8 46. gxf5 gxf5 47. Rxg8 Bxg8
48. Bxf5 Bf7 49. Kg3 Ke7 50. Bh7 Kd6 51. f5 Ke7 52. Bg6 Kf8 53. Kf4 Kg7 54. Ke3
Bxg6 55. fxg6 Kh6 56. Kd3 Kxg6 57. Ke2 Kf7 1/2-1/2

[Event "38th Nezhmetdinov Mem"]
[Site "Kazan RUS"]
[Date "2016.06.04"]
[Round "5.62"]
[White "Pogorelskikh, Sofia"]
[Black "Asafiev, Ignat"]
[Result "1-0"]
[WhiteElo "1744"]
[BlackElo "1880"]
[WhiteFideId "44164548"]
[BlackFideId "34142573"]
[EventDate "2016.05.31"]

1. e4 d6 2. d4 Nf6 3. Nc3 g6 4. f3 Bg7 5. Be3 Nbd7 6. Qd2 c6 7. Nge2 a6 8. a4
O-O 9. a5 Qc7 10. g4 e5 11. Bh6 exd4 12. Nxd4 Ne5 13. Bxg7 Kxg7 14. Be2 c5 15.
Nf5+ Bxf5 16. gxf5 Rad8 17. Qg5 Rfe8 18. Qxf6+ Kxf6 19. Nd5+ Kg7 20. f6+ Kh6 21.
Nxc7 1-0

[Event "38th Nezhmetdinov Mem"]
[Site "Kazan RUS"]
[Date "2016.06.05"]
[Round "6.1"]
[White "Kokarev, Dmitry"]
[Black "Shomoev, Anton"]
[Result "1/2-1/2"]
[WhiteTitle "GM"]
[BlackTitle "GM"]
[WhiteElo "2622"]
[BlackElo "2553"]
[WhiteFideId "4132181"]
[BlackFideId "4135148"]
[EventDate "2016.05.31"]

1. e4 c5 2. Nf3 Nc6 3. Bb5 g6 4. Bxc6 bxc6 5. O-O Bg7 6. Re1 Rb8 7. d3 Nf6 8. e5
Nd5 9. c4 Nc7 10. Qa4 O-O 11. Nc3 Ne6 12. Qxa7 Ba6 13. Ng5 Ra8 14. Nxe6 dxe6 15.
Qxc5 Qxd3 16. Qxe7 Bxc4 17. Bg5 Bd5 18. Qc5 Rfb8 19. b3 Bf8 20. Qe3 Qxe3 21.
Bxe3 Bb4 22. Nxd5 exd5 23. Rec1 c5 24. Bxc5 Bxc5 25. Rxc5 Rxb3 26. Rc8+ Rxc8 27.
axb3 Rc2 28. g4 Re2 29. Kg2 Rxe5 30. b4 Re4 31. Rb1 Rxg4+ 32. Kf3 Rc4 33. b5 Kf8
34. b6 Rc8 35. b7 Rb8 36. Kf4 f6 37. Ke3 Ke7 38. Kd4 Kd6 39. Rb6+ Kc7 40. Rxf6
Kxb7 41. Kxd5 Rd8+ 42. Ke6 Re8+ 43. Kf7 Re4 44. Kg8 h5 45. Rxg6 Rh4 46. Rg2 Rf4
47. Kg7 h4 48. h3 Rf3 49. Rh2 Kc6 50. Kg6 Kd5 51. Kg5 Ke4 52. Kxh4 Kf5 53. Rg2
Ra3 54. Rg8 Ra7 55. Rg4 Ra3 56. Rg3 Ra8 57. Rf3+ Kg6 58. Kg4 Ra4+ 59. Rf4 Ra1
60. Rc4 Rg1+ 61. Kh4 Kf5 62. Rc8 Ra1 63. Kh5 Kf6 64. Rf8+ Kg7 65. Rf5 Rb1 66. h4
Ra1 67. Rf3 Ra5+ 68. Kg4 Ra4+ 69. Kg5 Ra5+ 70. Rf5 Ra1 71. Rc5 Rg1+ 72. Kh5 Rf1
73. Rg5+ Kf6 74. Rg6+ Kf7 75. Rg2 Ra1 76. f4 Kf6 77. Rg8 Kf7 78. Rb8 Rg1 79. Rb6
Rg2 80. f5 Rg1 81. Kh6 Rf1 82. Rb5 Kf6 83. h5 Rh1 84. Rb8 Rh2 85. Rf8+ Ke7 86.
Rg8 Kf6 87. Rg6+ Kxf5 88. Rg1 Kf6 89. Rf1+ Ke7 90. Kg6 Rg2+ 91. Kh7 Rh2 92. h6
Rg2 93. Ra1 Kf7 94. Ra7+ Kf8 95. Ra8+ Kf7 96. Rg8 Rxg8 1/2-1/2

[Event "38th Nezhmetdinov Mem"]
[Site "Kazan RUS"]
[Date "2016.06.05"]
[Round "6.3"]
[White "Shariyazdanov, Andrey"]
[Black "Timofeev, Artyom"]
[Result "1/2-1/2"]
[WhiteTitle "GM"]
[BlackTitle "GM"]
[WhiteElo "2527"]
[BlackElo "2598"]
[WhiteFideId "4122747"]
[BlackFideId "4140419"]
[EventDate "2016.05.31"]

1. Nf3 Nf6 2. c4 g6 3. Nc3 d5 4. cxd5 Nxd5 5. e4 Nxc3 6. dxc3 Qxd1+ 7. Kxd1 f6
8. Be3 e5 9. Bc4 Nd7 10. Ke2 Bc5 11. Nd2 a5 12. a4 h5 13. h4 Ke7 14. Rhd1 Bxe3
15. Kxe3 Nc5 16. Nb3 Nxb3 17. Bxb3 Be6 18. Bxe6 Kxe6 19. Rd5 c6 20. Rd3 Rhd8 21.
Rad1 Rxd3+ 22. Rxd3 Rb8 23. Kd2 Ke7 24. c4 b6 25. Kc3 c5 26. Kd2 g5 27. hxg5
fxg5 28. Ke2 g4 29. g3 Rf8 30. Rd5 Ke6 31. Rd3 Ke7 32. Rd5 Ke6 33. Rd3 Ke7 34.
Rd5 1/2-1/2

[Event "38th Nezhmetdinov Mem"]
[Site "Kazan RUS"]
[Date "2016.06.05"]
[Round "6.4"]
[White "Gabrielian, Artur"]
[Black "Lintchevski, Daniil"]
[Result "1/2-1/2"]
[WhiteTitle "GM"]
[BlackTitle "GM"]
[WhiteElo "2520"]
[BlackElo "2566"]
[WhiteFideId "4131002"]
[BlackFideId "4171055"]
[EventDate "2016.05.31"]

1. Nf3 d5 2. g3 c6 3. Bg2 Bg4 4. O-O Nd7 5. d3 Ngf6 6. Qe1 e5 7. e4 dxe4 8. dxe4
Bc5 9. Nbd2 O-O 10. h3 Bxf3 11. Nxf3 Re8 12. Bd2 a5 13. Rd1 Qb6 14. b3 Bb4 15.
c3 Bf8 16. Nh4 g6 17. Qe2 Nc5 18. Bg5 Be7 19. Qe3 Qa7 20. Rfe1 Ne6 21. Qxa7 Rxa7
22. Be3 Bc5 23. Bc1 Bf8 24. Bf1 b5 25. Nf3 Nc5 26. Be3 Rd7 27. Bxc5 Rxd1 28.
Rxd1 Bxc5 29. Re1 Nd7 30. Rd1 Nf6 31. Re1 Nd7 32. Rd1 Nf6 1/2-1/2

[Event "38th Nezhmetdinov Mem"]
[Site "Kazan RUS"]
[Date "2016.06.05"]
[Round "6.5"]
[White "Fedorov, Alexei"]
[Black "Iljiushenok, Ilia"]
[Result "0-1"]
[WhiteTitle "GM"]
[BlackTitle "IM"]
[WhiteElo "2565"]
[BlackElo "2499"]
[WhiteFideId "13500465"]
[BlackFideId "24105074"]
[EventDate "2016.05.31"]

1. e4 e6 2. d4 d5 3. Nc3 Nf6 4. e5 Nfd7 5. Nce2 c5 6. c3 Nc6 7. Nf3 cxd4 8. cxd4
f6 9. exf6 Qxf6 10. Nc3 Bd6 11. Bd3 h6 12. O-O O-O 13. Be3 Rd8 14. a3 Nf8 15.
Rc1 Bd7 16. h3 Kh8 17. Bb1 Be8 18. Nh2 Bxh2+ 19. Kxh2 e5 20. Ne2 Bh5 21. Qd2
Bxe2 22. Qxe2 exd4 23. Bd2 Re8 24. Qb5 Qf7 25. Kg1 Ne5 26. b3 Nh7 27. Qc5 Nc6
28. b4 a6 29. a4 Re2 30. Rcd1 Nf6 31. b5 axb5 32. axb5 Qe7 33. Qb6 Ne5 34. Qxd4
Re8 35. Rfe1 Nc4 36. Bc3 Rxe1+ 37. Rxe1 Qxe1+ 38. Bxe1 Rxe1+ 39. Kh2 Rxb1 40.
Qc5 Kh7 41. g4 b6 42. Qc8 Rxb5 43. Qf5+ Kh8 44. h4 Nd6 45. Qg6 Rb4 46. f3 Kg8
47. Kg2 Nf7 48. g5 hxg5 49. hxg5 Nh7 50. Qf5 Nhxg5 51. Qc8+ Kh7 52. Qf5+ Kg8 53.
Qc8+ Kh7 54. Qf5+ g6 55. Qf6 Rb3 56. f4 Rg3+ 57. Kh1 Rf3 58. Kg2 Rf2+ 59. Kh1 d4
60. Qxd4 Rh2+ 0-1

[Event "38th Nezhmetdinov Mem"]
[Site "Kazan RUS"]
[Date "2016.06.05"]
[Round "6.6"]
[White "Moskalenko, Alexander"]
[Black "Smirnov, Pavel"]
[Result "1/2-1/2"]
[WhiteTitle "IM"]
[BlackTitle "GM"]
[WhiteElo "2464"]
[BlackElo "2564"]
[WhiteFideId "4155351"]
[BlackFideId "4123425"]
[EventDate "2016.05.31"]

1. e4 c5 2. Nf3 Nc6 3. Bb5 g6 4. Bxc6 bxc6 5. O-O Bg7 6. Re1 Nh6 7. c3 O-O 8. d4
cxd4 9. cxd4 d5 10. e5 f6 11. exf6 exf6 12. b3 g5 13. h3 Re8 14. Nc3 Bf5 15. Ba3
Qd7 16. Qd2 Be4 17. Nh2 Bg6 18. Bc5 Nf5 19. Rxe8+ Rxe8 20. Re1 Rxe1+ 21. Qxe1
Nd6 22. Na4 Ne4 23. Qa5 Nxc5 24. Nxc5 Qe7 25. Qa6 Be8 26. Qc8 h5 27. Nf1 f5 28.
Ne6 f4 29. Nc7 Kf7 30. Nxe8 Qxe8 31. Qf5+ Bf6 32. h4 Qe4 33. Qd7+ Kg6 34. Qxc6
gxh4 35. Nd2 Qe1+ 36. Nf1 Qe4 37. Nd2 Qe1+ 38. Nf1 Qe4 39. Nd2 Qe1+ 40. Nf1 Qe4 1/2-1/2

[Event "38th Nezhmetdinov Mem"]
[Site "Kazan RUS"]
[Date "2016.06.05"]
[Round "6.7"]
[White "Harutyunian, Tigran K."]
[Black "Rozum, Ivan"]
[Result "1-0"]
[WhiteTitle "IM"]
[BlackTitle "GM"]
[WhiteElo "2452"]
[BlackElo "2559"]
[WhiteFideId "13303635"]
[BlackFideId "24104272"]
[EventDate "2016.05.31"]

1. Nf3 Nf6 2. c4 b6 3. g3 Bb7 4. Bg2 e6 5. O-O Be7 6. Nc3 O-O 7. Re1 d5 8. cxd5
exd5 9. d4 Na6 10. Bf4 c5 11. dxc5 Nxc5 12. Rc1 Nfe4 13. Be5 Re8 14. Nb5 Bf8 15.
b4 Ne6 16. Qb3 a5 17. bxa5 Bc5 18. e3 Rxa5 19. Red1 Qd7 20. a4 Nf8 21. Bc3 Raa8
22. Bd4 Ne6 23. Nd2 Qe7 24. Nxe4 dxe4 25. Nc3 f5 26. Bxc5 bxc5 27. Nb5 Bc6 28.
Bf1 Kh8 29. h4 Red8 30. Rxd8+ Nxd8 31. Bc4 Nb7 32. Bd5 Na5 33. Qa2 Rd8 34. Bxc6
Nxc6 35. Qc4 Ne5 36. Qxc5 Qf6 37. Qc7 Nf3+ 38. Kg2 h6 39. a5 Rd2 40. Nc3 Kh7 41.
Rb1 Rd3 42. Ne2 Qg6 43. Qf4 Rd2 44. Ng1 Ra2 45. Nxf3 exf3+ 46. Qxf3 Rxa5 47. Rb8
h5 48. Rf8 Re5 49. Qa8 Qe6 50. Kh2 Re4 51. Qd8 Rg4 52. f3 Qxe3 53. Rh8+ Kg6 54.
Qd6+ Kf7 55. Rf8# 1-0

[Event "38th Nezhmetdinov Mem"]
[Site "Kazan RUS"]
[Date "2016.06.05"]
[Round "6.8"]
[White "Baghdasaryan, Vahe"]
[Black "Maiorov, Nikita1"]
[Result "1-0"]
[WhiteTitle "IM"]
[BlackTitle "GM"]
[WhiteElo "2441"]
[BlackElo "2538"]
[WhiteFideId "13303139"]
[BlackFideId "13501720"]
[EventDate "2016.05.31"]

1. e4 g6 2. c4 Bg7 3. Nc3 e5 4. g3 Nc6 5. Bg2 d6 6. Nge2 Be6 7. d3 Nge7 8. Nd5
O-O 9. O-O Qd7 10. Bg5 f6 11. Be3 f5 12. Qd2 Rae8 13. Rac1 Kh8 14. b4 Nc8 15.
exf5 Bxf5 16. d4 exd4 17. Nxd4 Bh3 18. Bxh3 Qxh3 19. Nxc7 Re4 20. Nxc6 bxc6 21.
c5 d5 22. b5 d4 23. Bg5 h6 24. f3 Re5 25. Bf4 Re7 26. b6 axb6 27. cxb6 Nxb6 28.
Bd6 Nc8 29. Bxe7 Nxe7 30. Qe2 Qd7 31. Ne6 d3 32. Qe4 Rf5 33. Nxg7 Kxg7 34. Rce1
Kf7 35. Re3 Rd5 36. Rd1 d2 37. Re2 Nf5 38. Kh1 Rd3 39. g4 Nh4 40. Qf4+ Kg7 41.
Rexd2 Rxd2 42. Qxd2 1-0

[Event "38th Nezhmetdinov Mem"]
[Site "Kazan RUS"]
[Date "2016.06.05"]
[Round "6.9"]
[White "Sargissyan, Sargis"]
[Black "Yudin, Sergei"]
[Result "0-1"]
[WhiteTitle "FM"]
[BlackTitle "GM"]
[WhiteElo "2340"]
[BlackElo "2530"]
[WhiteFideId "13303210"]
[BlackFideId "4159659"]
[EventDate "2016.05.31"]

1. e4 d6 2. d4 Nf6 3. Nc3 e5 4. Nf3 Nbd7 5. Bc4 Be7 6. a4 O-O 7. O-O c6 8. h3
Qc7 9. Re1 exd4 10. Nxd4 Ne5 11. Ba2 Re8 12. Bg5 Ng6 13. Nf3 h6 14. Nh4 hxg5 15.
Nxg6 Bd8 16. e5 dxe5 17. Nxe5 Be6 18. Bxe6 Rxe6 19. Nf3 Rxe1+ 20. Qxe1 Qf4 21.
a5 Bc7 22. Ra4 Qf5 23. Ne4 Rd8 24. a6 b5 25. Nxf6+ gxf6 26. Rd4 Rxd4 27. Nxd4
Qd7 28. Nf3 Kg7 29. g3 Qxh3 30. Qc3 Bb6 31. Nd4 Qg4 32. Nxc6 Qe2 0-1

[Event "38th Nezhmetdinov Mem"]
[Site "Kazan RUS"]
[Date "2016.06.05"]
[Round "6.10"]
[White "Bocharov, Dmitry"]
[Black "Faizrakhmanov, Ramil"]
[Result "1-0"]
[WhiteTitle "GM"]
[BlackTitle "FM"]
[WhiteElo "2597"]
[BlackElo "2422"]
[WhiteFideId "4138716"]
[BlackFideId "24103209"]
[EventDate "2016.05.31"]

1. c4 Nf6 2. Nc3 e5 3. Nf3 Nc6 4. a3 d5 5. cxd5 Nxd5 6. Qc2 Be7 7. e3 Be6 8. Bb5
f6 9. Ne4 O-O 10. Bxc6 bxc6 11. Qxc6 Bf5 12. d3 Nb6 13. Ke2 Bd7 14. Qc2 Bb5 15.
Rd1 Qd7 16. Nc3 Ba6 17. Kf1 Rfd8 18. Ne1 Kh8 19. e4 Bc5 20. Be3 Bd4 21. Bxd4
exd4 22. Ne2 Rac8 23. Qc5 Na4 24. Qa5 Qb5 25. Qxb5 Bxb5 26. b3 Nc5 27. b4 Na4
28. Rac1 c5 29. bxc5 Nxc5 30. Rb1 Ba6 31. f3 g6 32. Rb4 Ne6 33. Kf2 Rd7 34. Rd2
Kg8 35. f4 Rcd8 36. Rc2 Rd6 37. f5 gxf5 38. exf5 Ng5 39. Rc7 Nf7 40. Nf4 Bc8 41.
g4 Ne5 42. h3 Nc6 43. Rc4 Bd7 44. Nf3 Rc8 45. R4xc6 Rxc6 46. Rxd7 Ra6 47. Nxd4
Rxa3 48. Nh5 Ra6 49. Ne6 1-0

[Event "38th Nezhmetdinov Mem"]
[Site "Kazan RUS"]
[Date "2016.06.05"]
[Round "6.11"]
[White "Tunik, Gennady"]
[Black "Ponkratov, Pavel"]
[Result "0-1"]
[WhiteTitle "GM"]
[BlackTitle "GM"]
[WhiteElo "2404"]
[BlackElo "2595"]
[WhiteFideId "4101219"]
[BlackFideId "4157800"]
[EventDate "2016.05.31"]

1. d4 Nf6 2. c4 e6 3. Nf3 d5 4. Nc3 dxc4 5. Qa4+ c6 6. Qxc4 b5 7. Qd3 Bb7 8. Bg5
Nbd7 9. e3 a6 10. a4 c5 11. Bxf6 gxf6 12. dxc5 Qa5 13. Qb1 b4 14. Ne4 Nxc5 15.
Nxc5 b3+ 16. Nd2 Bxc5 17. Ke2 Qb4 18. Qd3 O-O 19. Qc4 Rac8 20. Rc1 Rfd8 21. Nxb3
Bd5 22. Qxb4 Bxb4 23. Rxc8 Rxc8 24. Nd4 e5 25. Nf5 Rc2+ 26. Kd1 Bb3 0-1

[Event "38th Nezhmetdinov Mem"]
[Site "Kazan RUS"]
[Date "2016.06.05"]
[Round "6.12"]
[White "Predke, Alexandr"]
[Black "Nikitenko, Mihail"]
[Result "1-0"]
[WhiteElo "2535"]
[BlackElo "2374"]
[WhiteFideId "24107581"]
[BlackFideId "13506862"]
[EventDate "2016.05.31"]

1. e4 e5 2. Nf3 Nc6 3. Bb5 a6 4. Ba4 Nf6 5. O-O Be7 6. Re1 b5 7. Bb3 d6 8. c3
O-O 9. h3 Bb7 10. d4 Nd7 11. a4 Na5 12. Bc2 c5 13. d5 Nb6 14. b4 cxb4 15. cxb4
Nac4 16. a5 Nd7 17. Nbd2 Rc8 18. Nxc4 Rxc4 19. Bb3 Rxb4 20. Ba3 Rxb3 21. Qxb3 f5
22. Bb4 Kh8 23. Rad1 fxe4 24. Nd2 Nc5 25. Bxc5 dxc5 26. Nxe4 Qxa5 27. Qg3 Bf6
28. Nxc5 Bxd5 29. Nd7 Rg8 30. Nxe5 b4 31. Qd3 Ba2 32. Qf5 Qc7 33. Rd7 Qc8 34.
Ng4 Bc3 35. Ree7 b3 36. Qd5 Bf6 37. Rc7 Qf8 38. Nh6 Bxe7 39. Nf7+ Qxf7 40. Qxf7
Bb4 41. Qc4 Ba5 42. Rc8 1-0

[Event "38th Nezhmetdinov Mem"]
[Site "Kazan RUS"]
[Date "2016.06.05"]
[Round "6.13"]
[White "Nebolsina, Vera"]
[Black "Kharchenko, Boris"]
[Result "1-0"]
[WhiteTitle "WGM"]
[BlackTitle "GM"]
[WhiteElo "2186"]
[BlackElo "2467"]
[WhiteFideId "4163591"]
[BlackFideId "14113210"]
[EventDate "2016.05.31"]

1. Nf3 d5 2. g3 c6 3. Bg2 Bg4 4. O-O Nd7 5. d4 e6 6. Nbd2 Bxf3 7. Bxf3 f5 8. c4
Ngf6 9. Qb3 Qb6 10. Qe3 Kf7 11. Bg2 g6 12. c5 Qc7 13. b4 a5 14. Rb1 Bg7 15. b5
e5 16. Qa3 exd4 17. Bb2 Rhe8 18. Bxd4 Rxe2 19. Nf3 Nf8 20. Be3 Ne6 21. bxc6 bxc6
22. Qa4 Rxe3 23. fxe3 Nxc5 24. Qxc6 Qxc6 25. Ne5+ Ke6 26. Nxc6 1-0

[Event "38th Nezhmetdinov Mem"]
[Site "Kazan RUS"]
[Date "2016.06.05"]
[Round "6.14"]
[White "Kanter, Eduard"]
[Black "Khegay, Dmitriy"]
[Result "1/2-1/2"]
[WhiteTitle "IM"]
[BlackTitle "FM"]
[WhiteElo "2375"]
[BlackElo "2434"]
[WhiteFideId "4103963"]
[BlackFideId "24153729"]
[EventDate "2016.05.31"]

1. d4 g6 2. c4 Bg7 3. Nf3 c5 4. d5 d6 5. e4 e6 6. Nc3 exd5 7. Nxd5 Nf6 8. Bd3
O-O 9. O-O Nxd5 10. exd5 Bg4 11. h3 Bxf3 12. Qxf3 Nd7 13. Qg3 Ne5 14. Be2 f5 15.
Bd2 Nd7 16. Rab1 Be5 17. f4 Bd4+ 18. Kh2 Re8 19. Bd3 Kh8 20. b3 Nf6 21. Rbe1 Qd7
22. Qf3 Rxe1 23. Rxe1 Re8 24. Re2 Re7 25. Be1 Qe8 26. Bh4 Rxe2 27. Qxe2 Qxe2 28.
Bxe2 Kg7 29. g4 Ne4 30. Kg2 Nc3 31. Bd3 Bf6 32. Bxf6+ Kxf6 33. g5+ Ke7 34. a3 b5
35. Kf3 bxc4 36. Bxc4 Nb1 37. Ke3 Nxa3 38. Bd3 a6 39. Bxa6 Nc2+ 40. Kd2 Nb4 41.
Bc4 Kd7 42. Kc3 Kc7 43. h4 Kb6 44. Kd2 Na6 45. h5 Nc7 46. h6 Ka5 47. Kc3 Nb5+
48. Kb2 Nc7 49. Kc3 Kb6 50. Kb2 Ka5 51. Kc3 Nb5+ 52. Kb2 Nc7 1/2-1/2

[Event "38th Nezhmetdinov Mem"]
[Site "Kazan RUS"]
[Date "2016.06.05"]
[Round "6.15"]
[White "Vignesh, N R"]
[Black "Isajevsky, Anton"]
[Result "1-0"]
[WhiteTitle "IM"]
[BlackTitle "FM"]
[WhiteElo "2432"]
[BlackElo "2403"]
[WhiteFideId "25012215"]
[BlackFideId "4142500"]
[EventDate "2016.05.31"]

1. e4 e5 2. Nf3 Nc6 3. Bc4 Bc5 4. c3 Nf6 5. d3 O-O 6. O-O d6 7. Bg5 h6 8. Bh4
Be6 9. Nbd2 Re8 10. b4 Bb6 11. Bb5 Bd7 12. Ba4 Nb8 13. Bc2 Be6 14. d4 Nbd7 15.
h3 c6 16. Re1 Bc7 17. Nf1 Nf8 18. Bg3 a5 19. a3 Qb8 20. Ne3 Ng6 21. Nh4 axb4 22.
cxb4 Ne7 23. f4 Qa7 24. f5 exd4 25. fxe6 dxe3 26. exf7+ Kxf7 27. Kh1 Kg8 28. Qd3
Rad8 29. Rxe3 Rf8 30. Rf3 Nh5 31. Qb3+ Kh8 32. Bf2 Bb6 33. Bxb6 Qxb6 34. Rf7 Qd4
35. Rd1 Qe5 36. Rxe7 Qg5 37. Ng6+ Qxg6 38. e5 Qg3 39. exd6 Rxd6 40. Qxg3 Nxg3+
41. Kh2 Nf1+ 42. Rxf1 1-0